000 00495nam a2200169 i 4500
001 bg
100 1 _aMILNER, G.W.C.
245 1 0 _aPolarografia i inne metody elektromewtryczne w analizie chemicznej /
_cG. W.
_nC. Milner.
260 _aWarszawa :
_bWydawnictwa Naukowo-Techniczne,
_c1962.
650 9 _aPolarografia
_xstosowanie
_xchemia
650 9 _aChemia analityczna
040 _cBPK
041 1 _apol
_heng
080 _a543.5
942 _cKS
008 s pl f |000 0 pol
999 _c35502
_d35502
856 _uhttp://koha.tu.koszalin.pl/cgi-bin/koha/opac-detail.pl?biblionumber=35502
_yKatalog online BPK